TOP 10 KRAJÓW UNII KĘPNITZ-TREBJINA - Statystyki

Ogólne statystyki
  • Ten quiz został rozwiązany 15 razy
  • Średni wynik to 6 z 8
Statystyki odpowiedzi
Obrazkowy Odpowiedź % Poprawnych
Polska
100%
Niemcy
78%
Portugalia
78%
Serbia
78%
ukraina
78%
Hiszpania
67%
izreal
44%
Kępnica
33%
Nie znaleziono quizów pasujących do podanych kryteriów
Rozkład punktacji
Procent ludzi z każdym wynikiem
Percentyl według liczby udzielonych odpowiedzi
Twoja historia wyników
Nie rozwiązałeś tego quizu